000 00619nam a2200205 i 4500
001 106112
003 ES-MaACL
007 t|
008 060929s1958 ag ||||1| spa d
080 _a821.134.2(82)-31"19"
100 1 _aFernando, Valentín.
_950200
245 1 3 _aEl límite
_b: novela /
_cValentín Fernando.
260 _aBuenos Aires :
_bDoble p,
_c[1958]
300 _a132 p. ;
_c19 cm.
490 1 _aGrandes escritores argentinos ;
_v18
500 _aBiblioteca Juan Andrade.
830 0 _aGrandes escritores argentinos ;
_v18
_9185156
852 _aES-MaACL
_jAND-781
_bR.110076
999 _c106112
_d106112